| 000 | 00740nam a2200229 a 4500 | ||
|---|---|---|---|
| 005 | 20240815063752.0 | ||
| 008 | 090623s2004 mx r 000 0 spa d | ||
| 020 | _a9682325188 | ||
| 035 | _aUPN01000171383 | ||
| 049 | _aCG | ||
| 050 | 4 |
_aRC552 A5 _bA6.2 |
|
| 100 | 1 | _aApfeldorfer, Gérard | |
| 245 | 1 | 0 |
_aAnorexia, bulimia, obesidad : _buna explicación para comprender : un ensayo para reflexionar / _cGérard Apfeldorfer ; tr. de María Guadalupe Benítez Toriello. |
| 260 |
_aMéxico : _bSiglo XXI, _c2004. |
||
| 300 |
_a116 p. : _bil. |
||
| 440 | 0 | _aMosaicos | |
| 534 |
_pTítulo original: _tAnorexie, boulimie, obésité |
||
| 650 | 2 |
_aAnorexia _94747 |
|
| 650 | 2 |
_aBulimia _99416 |
|
| 650 | 2 |
_aObesidad _99772 |
|
| 905 | _aLibro | ||
| 999 |
_c143488 _d143488 |
||